000
00443nam a2200169Ia 4500
008
090711s9999 xx 000 0 und d
082
_b
73284
100
_a
काळे वैजयंती
245
_a
मदहोश
260
_c
1993
300
_a
235
600
_a
काळे वैजयंती
630
_a
मदहोश
700
_a
काळे वैजयंती
730
_a
मदहोश
942
_c
BOOK
999
_c
304493
_d
304493